00624nam a2200229 a 4500001001000000003000500010005001700015008004100032010001100073011001100084020001800095040000900113082002000122245007300142250001000215260005000225300002300275490001800298650002900316700003100345830001800376000115941CHAP20220329144554.0190820s2016 mx a |r| ||||||spa d a112402 a113374 a9786073235761 cCHAP04a516.3bG34 201600aGeometría analítica /cpor Arturo Aguilar Márquez ...[et al.]. a4 ed. aMéxico, D.F. :bPearson Educación,c2016. axvi, 259 p. :bil. aMatemáticas14aGeometría analítica.1 aAguilar Márquez, Arturo. 0aMatemáticas